<?xml version="1.0" encoding="UTF-8"?>
<record
    xmlns:xsi="http://www.w3.org/2001/XMLSchema-instance"
    xsi:schemaLocation="http://www.loc.gov/MARC21/slim http://www.loc.gov/standards/marcxml/schema/MARC21slim.xsd"
    xmlns="http://www.loc.gov/MARC21/slim">

  <leader>02173nab a2200277 i 4500</leader>
  <controlfield tag="003">BR-BrBNA</controlfield>
  <controlfield tag="005">20250429124530.0</controlfield>
  <controlfield tag="008">250429b2017    bl.qr|pooa||| 00| 0 por |</controlfield>
  <datafield tag="040" ind1=" " ind2=" ">
    <subfield code="a">BR-BrBNA</subfield>
    <subfield code="b">por</subfield>
  </datafield>
  <datafield tag="072" ind1=" " ind2=" ">
    <subfield code="a">F70</subfield>
  </datafield>
  <datafield tag="100" ind1=" " ind2=" ">
    <subfield code="a">Rocha, Lamarck </subfield>
  </datafield>
  <datafield tag="100" ind1=" " ind2=" ">
    <subfield code="a">Camacho, Ramiro Gustavo Valera </subfield>
  </datafield>
  <datafield tag="100" ind1=" " ind2=" ">
    <subfield code="a">Sales, Margareth Ferreira de </subfield>
  </datafield>
  <datafield tag="100" ind1=" " ind2=" ">
    <subfield code="a">Melo, Jos&#xE9; Iranildo Miranda de </subfield>
  </datafield>
  <datafield tag="245" ind1=" " ind2=" ">
    <subfield code="a">Flora da Regi&#xE3;o de Xing&#xF3;, Alagoas e Sergipe (Brasil): Turneraceae</subfield>
  </datafield>
  <datafield tag="500" ind1=" " ind2=" ">
    <subfield code="a">Publica&#xE7;&#xE3;o on-line; 31 ref.; 3 illus.; Summaries (En, Pt)</subfield>
  </datafield>
  <datafield tag="520" ind1=" " ind2=" ">
    <subfield code="a">

Resumo

Este trabalho compreende o levantamento taxon&#xF4;mico da fam&#xED;lia Turneraceae para a Regi&#xE3;o de Xing&#xF3;:
Alagoas e Sergipe, Nordeste brasileiro. Foram encontradas nove esp&#xE9;cies, distribu&#xED;das em dois g&#xEA;neros:
Piriqueta cistoides, P. guianensis, P. racemosa, Turnera calyptrocarpa, T. cearensis, T. chamaedrifolia, T.
hermannioides, T. pumilea e T. subulata. O tratamento taxon&#xF4;mico inclui chave de identifica&#xE7;&#xE3;o, descri&#xE7;&#xF5;es,
ilustra&#xE7;&#xF5;es e coment&#xE1;rios sobre os t&#xE1;xons.

Palavras-chave: Caatinga, flor&#xED;stica, nordeste brasileiro, Piriqueta, Turnera.





Abstract

This work comprises the taxonomic survey of the family Turneraceae for the Xing&#xF3; Region: states of Alagoas
and Sergipe, Brazilian northeastern. Nine species distributed in two genera were found: Piriqueta cistoides, 
P. guianensis, P. racemosa, Turnera calyptrocarpa, T. cearensis, T. chamaedrifolia, T. hermannioides, T.
pumilea and T. subulata. The taxonomic treatment includes an identification key, descriptions, illustrations
and comments about the taxa.

Key words: Caatinga vegetation, floristics, Brazilian northeastern, Piriqueta, Turnera.</subfield>
  </datafield>
  <datafield tag="650" ind1=" " ind2=" ">
    <subfield code="a">CAATINGA</subfield>
  </datafield>
  <datafield tag="650" ind1=" " ind2=" ">
    <subfield code="a">COMPOSI&#xC7;&#xC3;O BOT&#xC2;NICA</subfield>
  </datafield>
  <datafield tag="650" ind1=" " ind2=" ">
    <subfield code="a">TURNERACEAE</subfield>
  </datafield>
  <datafield tag="650" ind1=" " ind2=" ">
    <subfield code="a">NORDESTE</subfield>
  </datafield>
  <datafield tag="773" ind1="0" ind2=" ">
    <subfield code="0">709</subfield>
    <subfield code="9">349998</subfield>
    <subfield code="d">Rio de Janeiro-RJ Jardim Botanico do Rio de Janeiro 1935</subfield>
    <subfield code="o">2025-2520</subfield>
    <subfield code="t">Rodrigu&#xE9;sia (Brazil)</subfield>
    <subfield code="x">0370-6583; 2175-7860 on-line</subfield>
    <subfield code="g">v. 68(2) p. 569-579; (2017)</subfield>
    <subfield code="w">BR2025000795</subfield>
  </datafield>
  <datafield tag="856" ind1=" " ind2=" ">
    <subfield code="u">https://www.scielo.br/j/rod/a/npQLXsZJ6CFXZrrrDrTVMgM/?format=pdf&amp;lang=pt</subfield>
  </datafield>
  <datafield tag="942" ind1=" " ind2=" ">
    <subfield code="c">ANA</subfield>
  </datafield>
  <datafield tag="999" ind1=" " ind2=" ">
    <subfield code="c">331263</subfield>
    <subfield code="d">331263</subfield>
  </datafield>
</record>
